000 00547nam a2200217Ia 4500
003 OSt
005 20220918192502.0
006 a|||||r|||| 00| 0
007 ta
008 220917b |||||||| |||| 00| 0 eng d
024 _a68,641
037 _cTextual
040 _aARTS
_cARTS
_beng
041 _2eng
_aeng
082 _aR3, J7
100 _aLonergan Bernard J F
_979250
245 0 _aInsight
_b a study of human understanding
260 _c1957
942 _hR3, J7
_cTEXL
_2CC
999 _c194812
_d194812